00510nam a2200193 a 4500001001300000003000900013005001700022008004100039020001000080082001500090100002100105245003300126260003900159300000900198500003500207505001700242650003600259700002100295nice12345678IN_TiNIC20260116012657.0050524s1975 edia grp 000 0 eng  ac10000a227.3bBAR aBarclay, William aLetters to the Corlinthians. aEdingurghbSt. Andrews Pressc1975 a298p aincludes index and biblioraphy2 aBibliography aBible N.T. Epistles Corinthians1 aBarclay, William